Colegio máximo de cristo Rey / [por] Instituto Teológico de la Compañía de Jesús
Gorde:
| Erakunde egilea: | |
|---|---|
| Formatua: | Liburua |
| Gaiak: | |
| Etiketak: |
Etiketarik gabe, Izan zaitez lehena erregistro honi etiketa jartzen!
|
MARC
| LEADER | 00000nam^a2200000^u^4500 | ||
|---|---|---|---|
| 001 | 000539060 | ||
| 005 | 20250521000000.0 | ||
| 008 | 060220s1000^^^^^^^^^^^^r^^^^^000^0^spa^d | ||
| 009 | 20260310131134.55 | ||
| 035 | |a FMI 000006079 | ||
| 037 | |a Acervo Xavier Clavigero | ||
| 096 | |a 3.3/68/C | ||
| 110 | |a Instituto Teológico de la Compañía de Jesús | ||
| 245 | 1 | 0 | |a Colegio máximo de cristo Rey / [por] Instituto Teológico de la Compañía de Jesús |
| 264 | |a México : Instituto Teológico de la Compañía de Jesú., 1999 | ||
| 300 | |a 78 p. | ||
| 336 | |a texto |b txt |2 rdacontenido | ||
| 337 | |a sin mediación |b n |2 rdamedio | ||
| 338 | |a volumen |b nc |2 rdasoporte | ||
| 649 | |a XX | ||
| 650 | |a 1 HISTORIA DE MEXICO | ||
| 910 | |a Fondo Francisco Migoya Covarrubias S.J. | ||
| 920 | |a Impresos - Libros | ||
| 930 | |a Fondos Especiales | ||
| 905 | |a 134 | ||
| 901 | |a SBC20737 |b IT2 |c ESP |u 20250521 | ||
| 902 | |a https://opac.biblio.iteso.mx/vufind/Record/000539060 | ||